Social Entrepreneurship: Building Impact Step By Step (Record no. 43389)

MARC details
000 -LEADER
fixed length control field 00512nam a22001817a 4500
005 - DATE AND TIME OF LATEST TRANSACTION
control field 20250325140035.0
008 - FIXED-LENGTH DATA ELEMENTS--GENERAL INFORMATION
fixed length control field 250325b |||||||| |||| 00| 0 eng d
020 ## - INTERNATIONAL STANDARD BOOK NUMBER
International Standard Book Number 9780367556877
041 ## - LANGUAGE CODE
Language code of text/sound track or separate title Eng.
082 ## - DEWEY DECIMAL CLASSIFICATION NUMBER
Classification number 658.408 CHA
100 ## - MAIN ENTRY--PERSONAL NAME
Author Chahine, Teresa
245 ## - TITLE STATEMENT
Title Social Entrepreneurship: Building Impact Step By Step
250 ## - EDITION STATEMENT
Edition statement 2nd
260 ## - PUBLICATION, DISTRIBUTION, ETC.
Place New York
Publisher ‎ Routledge
Publication Year 2023
300 ## - PHYSICAL DESCRIPTION
Extent 263;. P. 23 cm
650 ## - SUBJECT ADDED ENTRY--TOPICAL TERM
Subject Social Entrepreneurship; Social Responsibility of Business
942 ## - ADDED ENTRY ELEMENTS (KOHA)
Koha item type Books
Holdings
Withdrawn status Lost status Source of classification or shelving scheme Damaged status Not for loan Home library Current library Shelving location Accession Date Vendor Price Bill number Full call number Barcode No Date last seen Discount Bill Date Koha item type Suggested By
    Dewey Decimal Classification     IMTN IMTN Rack 31-B 03/18/2025 Raghav Books Private Limited 5786.49 2374 658.408 CHA 33680 03/25/2025 33 02/14/2025 Books Dr. Senthil Kumar
Designed & Maintained by: LRC IMT Nagpur Contact: lrc@imtnag.ac.in© 2024. All Rights Reserved.